Dinge die mit Z anfangen (Kenshin Edition) - Statistiken

Allgemein
  • Dieses Quiz wurde 235 mal gespielt
  • Das Durchschnittsergebnis liegt bei 11 aus 16
Antwortstatistiken
Bildquiz Antwort % Korrekt
Zebra
99%
Zwiebel
99%
Zypern
99%
Zeppelin
98%
Zug
97%
Ziege
96%
Zwieback
93%
Zitronenfalter
85%
Zombie
73%
Zagreb
72%
Zentralafrikanische Republik
66%
Zaziki
64%
Zaire
39%
Zürich
30%
Zwickau
17%
Zulu
15%
Keine übereinstimmenden Quizze gefunden
Verteilung der Resultate
Anzahl Personen mit jedem Resultat
Perzentil nach korrekt beantworteten Fragen
Ihre Resultats-Entwicklung
Sie haben dieses Quiz noch nicht gespielt